000 01097cam a2200349 i 4500
001 0000631
003 DO-SdBNP
005 20221110121440.0
007 0000631
008 100514s 2007 mx 000 f spa
015 _a
017 _a
_b
020 _a9789707704046
035 _a
040 _aBPMSU
_bspa
_cBPMSU
_e
080 _a
082 4 _a332.02401
_bK62a 2010
_222
100 1 _aKiyosaki, Robert T.
_d1947-
245 1 0 _aAntes de renunciar a tu empleo :
_b10 lecciones que todo emprendedor debe saber para construir un negocio multimillonario /
_cRobert T. Kiyosaki, Sharon L. Lechter ; traducción María Andrea Giovine
260 _aMéxio:
_bAguilar,
_c2010
_b
300 _a375 p. ;
_c23 cm
490 0 _aPadre rico
534 _aTítulo original :
_tBefore you quit your job
590 _6Inventariado, 2022/VM
650 4 _aFinanzas personales.
650 4 _aSeguridad Financiera.
650 4 _aÉxito en los negocios.
700 1 _aLechter, Sharon L.
700 1 _aGiovine, María Andrea
_etrad.
910 _aYLOCKWARD/ VMateo V./Validado
942 _2ddc
_cBK
999 _c11238
_d11238